The Decline of the West/ (Record no. 328743)

000 -LEADER
fixed length control field 00475 a2200169 4500
003 - CONTROL NUMBER IDENTIFIER
control field Nust
005 - DATE AND TIME OF LATEST TRANSACTION
control field 20231202174336.0
008 - FIXED-LENGTH DATA ELEMENTS--GENERAL INFORMATION
fixed length control field 170414b xxu||||| |||| 00| 0 eng d
040 ## - CATALOGING SOURCE
Transcribing agency Nust
082 ## - DEWEY DECIMAL CLASSIFICATION NUMBER
Classification number 909
Author Mark SPE
100 ## - MAIN ENTRY--PERSONAL NAME
Personal name Spengler, Oswald
9 (RLIN) 17882
245 ## - TITLE STATEMENT
Title The Decline of the West/
Statement of responsibility, etc. Oswald Spengler
260 ## - PUBLICATION, DISTRIBUTION, ETC.
Place of publication, distribution, etc. Islamabad :
Name of publisher, distributor, etc. National Book Foundation,
Date of publication, distribution, etc. 2005
300 ## - PHYSICAL DESCRIPTION
Extent xxix, 415 p. :
Other physical details ill. ;
Dimensions 23 cm
650 ## - SUBJECT ADDED ENTRY--TOPICAL TERM
Topical term or geographic name entry element decline of the west
9 (RLIN) 119434
942 ## - ADDED ENTRY ELEMENTS (KOHA)
Source of classification or shelving scheme
Koha item type Book
Holdings
Withdrawn status Lost status Source of classification or shelving scheme Damaged status Not for loan Permanent Location Current Location Shelving location Date acquired Full call number Barcode Date last seen Copy number Price effective from Koha item type
          Central Library (CL) Central Library (CL) Book Cart 04/14/2017 909 SPE CL3128 04/14/2017 1 04/14/2017 Book
© 2023 Central Library, National University of Sciences and Technology. All Rights Reserved.